01635nam a2200301 a 450000100100000000500170001000800410002702000130006804000250008108200170010624501610012326000420028430000210032659000260034765000490037365100560042265000540047865000360053265000290056865000250059791000420062295201400066495201400080495201400094495201140108495201200119899900150131800000837620260330121013.0090916s1998 dr 000 0 spa d z60578410 aDO-SdBNPbspacBNPHU a303.4bV943n03aLa voluntad de la nación :bpropuestas aprobadas en la primera etapa del diálogo nacional /cCordinadores Carlos Dore Cabral, Esther Hernández Medina. aSanto Domingo :bAlfa y Omega,c1998. a443 p. ;c29 cm. aInventariado, 2018/BT 4aCambio socialzRepública Dominicana922599 4aRepùblica DominicanaxPolítica Económica9643 4aPolítica culturalzRepública Dominicana91984 4aPolítica de desarrollo922600 0aEstado de derecho910179 0aMedio ambiente99250 aValidado. Control de calidad. MMOLINA 00102ddc54708DSaBNPHUbBNPHUcHDd2009-09-16iLF1l0o303.4 V943np8376-30r2020-06-25te. 3w2020-06-25yLFDSZPréstamo en sala 00102ddc54708DSaBNPHUbBNPHUcHDd2009-09-16iLF1l0o303.4 V943np8376-40r2020-06-25te. 4w2020-06-25yLFDSZPréstamo en sala 00102ddc54708DSaBNPHUbBNPHUcHDd2009-09-16iLF1l0o303.4 V943np8376-50r2020-06-25te. 5w2020-06-25yLFDSZPréstamo en sala 0010718PDaPDbPDcHDd2009-09-16iLF1l0o303.4 V943np8376-10r2020-06-25w2020-06-25yLFPDZNo se presta 0010718PDaPDbPDcHDd2009-09-16iLF1l0o303.4 V943np8376-20r2020-06-25te. 2w2020-06-25yLFPDZNo se presta c8147d8147